00446nam a22001577a 450000500170000001000150001702000260003203500140005803700130007208200110008524500660009626000380016227000500020030000200025070000180027020220804142523.0 aENG-134261 a9788192190600c395.00 aEN-117793 bDBAD/PUB a658.84 aComprehensive Dictionary of Commerce/cEdited by Walsh Worthy aChandigarhbK.C. Publishersc2012 aS.C.O. 57-59, Sector-17C BasementbChandigarh a208p.c23cm(hb) aWorthy, Walsh